000 00471nam a22001937a 4500
003 OSt
005 20241105114819.0
008 241105b |||||||| |||| 00| 0 eng d
040 _cMRSPTU
041 _aENG
082 _a631.587
_bVE-I
100 _aVerma, Sawalia Bihari
245 _aIrrigation Resources
260 _aJodhpur
_bScientific Publishers
_c2019
300 _a429
650 _aAgriculture
700 _aShrivastava, Arvind Kumar
942 _2ddc
_cBK
_n0
999 _c10433
_d10433